Espacios distantes... aún vivos : las salas cinematográficas de la ciudad de México /
Investigación sobre los valores y características arquitectónicas de las salas de cine en México, así como de las contribuciones que acogen y suponen estos espacios para el patrimonio artístico nacional construido durante el siglo XX. Aunque el estudio abarca los cien años y la geografía nacional co...
Na minha lista:
| Autor principal: | |
|---|---|
| Outros Autores: | , , , |
| Formato: | Livro |
| Idioma: | espanhol |
| Publicado em: |
México :
UAM Xochimilco : UNAM,
2015, c2015
|
| Edição: | 2a edición |
| Assuntos: | |
| Tags: |
Sem tags, seja o primeiro a adicionar uma tag!
|
MARC
| LEADER | 00000nam^a2200000^a^4500 | ||
|---|---|---|---|
| 001 | 000399957 | ||
| 005 | 20250521000000.0 | ||
| 009 | 20260310121606.536 | ||
| 020 | |a 978-607-28-0411-1 | ||
| 020 | |a 978-607-02-6722-2 | ||
| 037 | |a Acervo ITESO - Biblioteca | ||
| 041 | |a ESP | ||
| 082 | |a 720. 97253206 |b ALF | ||
| 100 | |a Alfaro Salazar, Francisco Haroldo |e (autor) | ||
| 240 | 1 | 1 | |a [Espacios distantes... aún vivos: las salas cinematográficas de la ciudad de México] |
| 245 | 1 | 0 | |a Espacios distantes... aún vivos : |b las salas cinematográficas de la ciudad de México / |c F.H. Alfaro Salazar, A. Ochoa Vega ; pról. de H. Ricalde G., G. García, C. González Lobo. |
| 250 | |a 2a edición | ||
| 264 | 4 | |a México : |b UAM Xochimilco : |b UNAM, |c 2015, c2015 | |
| 300 | |a 260 p. | ||
| 336 | |a texto |b txt |2 rdacontenido | ||
| 337 | |a sin mediación |b n |2 rdamedio | ||
| 338 | |a volumen |b nc |2 rdasoporte | ||
| 520 | |a Investigación sobre los valores y características arquitectónicas de las salas de cine en México, así como de las contribuciones que acogen y suponen estos espacios para el patrimonio artístico nacional construido durante el siglo XX. Aunque el estudio abarca los cien años y la geografía nacional completa, el énfasis está puesto en la ciudad de México y en el período 1930-1970, cuando los espacios de exhibición fílmica atravesaron la consolidación, esplendor y decadencia de lo que los autores llaman la gran sala o palacio del espectáculo. Tras publicar este trabajo en el contexto de los festejos del centenario de la invención del cinematógrafo, los arquitectos Francisco Haroldo Alfaro Salazar y Alejandro Ochoa García presentaron una obra semejante, pero más breve, titulada La república de los cines (1998), en la colección El cine mexicano de editorial Clío. | ||
| 521 | |a FIL 2017 EEnlace Departamento de Estudios Socioculturales | ||
| 649 | |a XX | ||
| 650 | |a Cines - |z México (Ciudad) - |x Historia - |x Tema Principal | ||
| 650 | |a Cines - |z México - |x Historia - |x Tema Principal | ||
| 650 | |a Distribución y Exhibición Cinematográficas - |z México (Ciudad) - |x Historia - |y 1928-2000 | ||
| 650 | |a Distribución y Exhibición Cinematográficas - |z México - |x Historia - |y 1928-2000 | ||
| 650 | |a Prácticas Culturales - |z México (Ciudad) - |x Historia - |y 1928-2000 | ||
| 650 | |a Prácticas Culturales - |z México - |x Historia - |y 1928-2000 | ||
| 650 | |a Cine - |x Industria y Comercio | ||
| 650 | |a Cine Mexicano - |x Historia y Crítica | ||
| 650 | |a Cine Mexicano - |y Siglo XX | ||
| 650 | |a Restauración y Conservación Arquitectónica - |z México (Ciudad) - |x Historia - |y Siglo XX | ||
| 650 | |a Restauración y Conservación de Arte - |z México (Ciudad) - |x Historia - |y Siglo XX | ||
| 650 | |a Arquitectura Moderna - |z México (Ciudad) - |x Historia y Crítica | ||
| 650 | |a Arquitectura Moderna - |x Historia y Crítica | ||
| 650 | |a Arquitectura Mexicana - |x Historia y Crítica | ||
| 650 | |a Arquitectura Mexicana - |y Siglo XX | ||
| 650 | |a Arte Moderno - |z México (Ciudad) - |x Historia y Crítica | ||
| 650 | |a Arte Moderno - |x Historia y Crítica | ||
| 650 | |a Arte Mexicano - |x Historia y Crítica | ||
| 650 | |a Arte Mexicano - |y Siglo XX | ||
| 650 | |a Historia Social - |z México (Ciudad) | ||
| 650 | |a Historia Social - |z México | ||
| 650 | |a México (Ciudad) - |x Historia - |y 1928-2000 | ||
| 650 | |a México (Ciudad) - |x Historia - |y Siglo XX | ||
| 650 | |a México - |x Historia - |y 1928-2000 | ||
| 650 | |a México - |x Historia - |y Siglo XX | ||
| 700 | |a Ochoa Vega, Alejandro |e (autor) | ||
| 700 | |a Ricalde G., Humberto |e (prólogo) | ||
| 700 | |a García, Gustavo |e (prólogo) | ||
| 700 | |a González Lobo, Carlos |e (prólogo) | ||
| 910 | |a Fondo General | ||
| 920 | |a Impresos - Libros | ||
| 930 | |a Colección General | ||
| 905 | |a 101 | ||
| 901 | |a 0500295305 |b IT1 |c ACC |i c197732 |u 20250521 | ||
| 902 | |a https://opac.biblio.iteso.mx/vufind/Record/000399957 | ||